000 00944nam a22002777a 4500
001 BRCA_9390
003 FranzMayer
005 20230918124606.0
008 230901b |||||||| |||| 00| 0 eng d
020 _a2866563174
040 _aMFM
_bESPAÑOL
_cMFM
050 0 _aN2050.O77
_bT45 2003
100 1 _4Autor
_aThiébaut, Philippe
_929477
240 _aOrsay
_hLes arts décoratifs
_lFrancés
245 0 _aOrsay
_bLes arts décoratifs
260 _aParis, Francia
_bScala Editions
_c2003
300 _a127 p
_bIlustraciones a color
_c28 cm
500 _aAnexo 1
505 _aTexto en: francésIncluye índice temáticoDirigido a: artistas y diseñadores
650 1 _2Artes visuales
_aMuseos y galerias
_vMuseos europeos
_929478
651 2 _2Francia
_aParis
_vOrsay
_929479
700 1 _4Portada
_aRenard, Thierry
_929480
700 1 _4Coord.
_aNisseron, C´cile
_929481
700 1 _4Corr
_aJulia, Véronique
_929482
942 _2lcc
_cB
999 _c11012
_d11012